000
00217 a2200109 4500
020
_a
9789992474464
041
_a
spa
100
_a
Rosa Cerda Canales
245
_a
Lengua y Literatura 3ro
942
_c
BK
952
_7
1
999
_c
21631
_d
21631